| 000 | 00760cam a22002172 4500 | ||
|---|---|---|---|
| 001 | agr03000916 | ||
| 003 | DLC | ||
| 005 | 20260227110921.0 | ||
| 007 | cr_||||||||||| | ||
| 008 | 830421s1895 nyua 000 0 eng | ||
| 010 | _aagr03000916 | ||
| 040 |
_aDLC _cCarP _dDLC |
||
| 050 | 0 | 0 |
_aSF447 _b.H9 |
| 100 | 1 |
_aHuidekoper, Rush Shippen, _d1854-1901. |
|
| 245 | 1 | 4 |
_aThe cat, _ba guide to the classification and varieties of cats and a short treaties upon their care, diseases, and treatment, |
| 260 |
_aNew York, _bD. Appleton and company, _c1895. |
||
| 300 |
_axi, 148 p. _bfront., illus _c18 cm. |
||
| 530 | _aAlso available in digital form on the Internet Archive Web site. | ||
| 650 | 0 | _aCats. | |
| 856 | 4 | 1 | _uhttp://hdl.loc.gov/loc.gdc/scd0001.00028483648 |
| 999 |
_c7081 _d7081 |
||